00948nam a22002655i 450000100060000000300090000600500170001500700030003200800410003502000180007604000220009408000210011610000330013724500710017026000320024130000210027349000400029450000130033450400340034765100840038183000450046585200330051099900170054395201220056011272ES-MaACL20250801101141.0t|930628s1992 sp ||||0| spa j a84-7100-311-2 aM-BN bspa cM-BN a98(=60)"1806/30"1 aFernández, Delfina.94935010aUltimos reductos españoles en América / cDelfina Fernández. aMadrid : bMapfre, c[1992] a344 p ; c23 cm.1 aColección Armas y América ; v7 aIndices. aBibliografía: p. [325]-331. 4aAmérica española-xHistoria-y1806-1830, Guerras de la Independencia.9772600aColección Armas y Américav79178993 aES-MaACLjL-18586 bR.124079 c11272d11272 00104070aATENEOMbATENEOMcDEPO2d2008-01-17eSCl0oL-18586p1011495r2023-02-23 00:00:00w2023-02-23yMONOGRAFIA